000 01299nam a2200337 a 4500
001 000026395
003 DO-SdBNP
005 20170919135519.0
007 000026395
008 110316s2000 dr ad 001 0 spa d
040 _aBPMSU
_bspa
_cBPMSU
082 _a338.18
_bD451a
245 0 0 _aDesempeño agropecuario en la década de los noventa :
_bdiagnóstico y tendencias relevantes /
_cinvestigadores principales Juan Tomas Monegro ; Laura Fiallo
260 0 _aSanto Domingo :
_bOficina Nacional de Planificación,
_c2000.
300 _a151 p. :
_bil., gráf. ;
_c28 cm.
490 1 _aLa economía dominicana en el 2000
_v2
504 _aIncluye referencias bibliograficas y notas al pie de las páginas.
504 _aBibliografía : p. 149-151.
650 4 _aPOLÍTICA AGRICOLA
_zREPÚBLICA DOMINICANA
_y1980-1990
650 4 _aDESARROLLO AGRÍCOLA
_zREPÚBLICA DOMINICANA
_y1980-1990
651 4 _aREPÚBLICA DOMINICANA
_xCONDICIONES RURALES
_y1980-1990
830 0 _aLa Economía dominicana en el 2000
_n2
910 _aValidado. Control de calidad MFF
930 1 _l
_m
_h
_8
_f
_p
_g
942 _2ddc
_cBK
945 _aInventariado / 2017 VM
956 _a
_b
_c
_l
_h
_2
956 _a
_b
_c
_l
_h
956 _a
_b
_c
_l
_h
956 _aVMATEO
_b10
_c20150826
_lBPMSU
_h00151
999 _c8231
_d8231